Las cuentas anuales de la sociedad de responsabilidad limitada (Arts. 84, 85 y 86 de la LSRL) /

Detalles Bibliográficos
Autor principal: Arana Gondra, F Javier
Formato: Desconocido
Lenguaje:español
Publicado: [Madrid] : Edersa, 2000
Colección:Cuadernos mercantiles (Editoriales de Derecho Reunidas)
Materias:
Acceso en línea:Acceso restringido

MARC

LEADER 00000ny a22000003n 4500
005 2011060601361.0
008 080623s2000 sp s 000 0 spa c
020 |a 8471309777 
035 |a 1593 
040 |a UMA.RE  |d vLex 
080 |a 347.724(460)(0.034) 
090 |c 469  |d 469 
100 1 |a Arana Gondra, F Javier 
245 1 4 |a Las cuentas anuales de la sociedad de responsabilidad limitada   |h [Recurso electrn̤ico]  |b (Arts. 84, 85 y 86 de la LSRL) /  |c Francisco Javier Arana Gondra 
256 |a Servicio en ln̕ea 
260 |a [Madrid] :  |b Edersa,  |c 2000 
490 1 |a Cuadernos mercantiles;  |v 2 
506 1 |a Contenido solo disponible en los productos indicados  |d vLex Global  |d vLex Global (Academic Edition, excluding Law Schools)  |d vLex Global (U.S. Academic Edition, Law Schools)  |d vLex Global (U.S. Academic Edition, excluding Law Schools)  |d vLex Global (Academic Edition, Law Schools) 
650 0 7 |2 Tesauro vLex  |a Sociedad limitada 
650 0 7 |2 Tesauro vLex  |a Societario 
650 0 7 |2 Tesauro vLex  |a Derecho de sociedades 
650 0 7 |2 Tesauro vLex  |a Sociedades de responsabilidad limitada 
650 0 7 |2 Tesauro vLex  |a Cuentas anuales 
740 0 |a vLex Libros (Servicios en ln̕ea) 
830 0 |a Cuadernos mercantiles (Editoriales de Derecho Reunidas) 
856 4 0 |z Acceso restringido  |u http://vlex.com/source/cuentas-anuales-srl-1593 
942 |c BOOK 
999 0 |a Corportations  |b Madrid